000 00856nam a22002417a 4500
001 43618
003 UA-OsUOA
005 20211025161804.0
007 ta
008 20070115b un ||||| |||| 00| 0 ukr d
020 _a9668602323
040 _aUA-OsUOA
_bukr
_cUA-OsUOA
_dUA-OsUOA
041 _aukr
080 _a340.132.2(477)
090 _a340.132.2(477)
_bІ-74
245 _aІнформаційне законодавство України. Науково-практичний коментар
_cза ред. Ю. С. Шемшученка
260 _aК.
_bЮридична думка
_c2006
300 _a232 с.
650 7 _a340 Право в цілому. Пропедевтика. Методи та допоміжні правничі науки
_2UDC
700 1 _aШемшученко Ю. С.
_eред.
942 _cBK
_2udc
955 _a1
999 _c329737
_d329737